[Event "Guimaraes Open 2018"]
[Site "Guimaraes"]
[Date "2018.10.05"]
[Round "1"]
[White "Palhas, Miguel Branco"]
[Black "Fidalgo, Andre Neves"]
[Result "0-1"]
[WhiteElo "1369"]
[BlackElo "2180"]
[Annotator "TA"]
[PlyCount "48"]
[EventDate "2018.10.04"]
[EventType "swiss"]
[EventCountry "POR"]
[SourceTitle "playchess.com"]
[Source "ChessBase"]
[SourceQuality "1"]

{[%evp 16,48,41,40,38,34,36,14,11,15,18,-54,-50,-106,-111,-493,-501,-533,-528,-560,-566,-552,-556,-572,-566,-778,-758,-1085,-941,-2027,-2005,-2648,-2608,-2383,-2339]} 1. e4 c5 2. Nf3 Nc6 3. d4 cxd4 4. Nxd4 g6 5. Nc3 Bg7 6. Be3 Nf6 7. Bc4 Qa5 8. O-O O-O 9. h3 d6 {B35: Sicilian: Accelerated Dragon with 5 Nc3: main line} 10. Nd5 (10. Bb3 Bd7 11. Re1 Rac8 12. Qd2 Rfe8 13. Rad1 Nxd4 14. Bxd4 Bc6 15. Bxf6 Bxf6 16. Nd5 Qxd2 17. Nxf6+ exf6 18. Rxd2 d5 19. Bxd5 Bxd5 20. Rxd5 Rxc2 {½-½ (29) Kotronias,V (2524)-Mamedov,R (2688) Moscow 2017}) 10... Nxd5 11. Bxd5 Bd7 {The position is equal.} 12. c3 Rab8 $146 ({Predecessor:} 12... Rac8 13. Re1 b5 14. Nxc6 Bxc6 15. Bd4 Bxd4 16. Qxd4 Qb6 17. Qxb6 axb6 18. Bxc6 Rxc6 {0-1 (45) Pflug,M (2219)-Walter,F (2170) Bayern 2016}) 13. Bg5 (13. b4 $11 Qc7 14. Nb5) 13... Nxd4 $1 $15 14. cxd4 (14. Bxe7 $15 Ne6 15. Bxd6) 14... e6 $17 {[%cal Be7e6,Be6e5,Be5d4][%mdl 32]} 15. Bb3 $2 {[%mdl 8192] [#]} (15. Bd2 $17 {is tougher.} Qb6 16. Bb3) 15... Qxg5 $19 {Black is clearly winning.} 16. Rc1 e5 17. Qf3 exd4 18. Rc7 Be6 19. Rfc1 Be5 20. Bxe6 fxe6 21. Qb3 d5 22. R7c5 Qf4 23. f3 Qh2+ 24. Kf1 Bg3 0-1

[Event "Guimaraes Open 2018"]
[Site "Guimaraes"]
[Date "2018.10.05"]
[Round "1"]
[White "Alonso Rodriguez, Tristan"]
[Black "Pinho, Paulo Miguel"]
[Result "0-1"]
[WhiteElo "1312"]
[BlackElo "2212"]
[Annotator "TA"]
[PlyCount "68"]
[EventDate "2018.10.04"]
[EventType "swiss"]
[EventCountry "POR"]
[SourceTitle "playchess.com"]
[Source "ChessBase"]
[SourceQuality "1"]

{[%evp 9,68,9,52,50,84,84,91,38,29,22,39,9,42,12,18,-35,-47,-163,-61,-101,-97,-637,-614,-623,-615,-659,-616,-662,-645,-642,-655,-664,-668,-650,-654,-647,-619,-745,-722,-723,-717,-712,-709,-832,-838,-837,-814,-916,-900,-941,-927,-933,-895,-1391,-1337,-1693,-1639,-2306,-2294,-5648,-5433]} 1. d4 Nf6 2. Bg5 Ne4 3. Bf4 c5 4. f3 Nf6 5. d5 g6 {LiveBook: 22 Games} 6. c4 {A45: Trompowsky Attack} (6. Nc3 d6 7. e4 Bg7 8. Qd2 O-O 9. Bh6 a6 10. h4 b5 11. h5 e6 12. dxe6 Bxe6 13. Bxg7 Kxg7 14. hxg6 fxg6 15. O-O-O Qa5 16. Qxd6 b4 17. Qxe6 bxc3 18. e5 Nh5 19. Rxh5 {1-0 (19) Rasulov,V (2526)-Angun,B (2191) Marmaris 2018}) 6... b5 7. cxb5 a6 8. b6 $146 ({White should try} 8. e4 $16) ({Predecessor:} 8. e4 d6 9. Nc3 Bg7 10. bxa6 O-O 11. Bc4 Nxa6 12. Nge2 Qb6 {½-½ (22) Silva,I-Xavier,L (1956) Joao Pessoa 2012}) 8... d6 $14 9. e4 Nbd7 {[%cal Bb8d7,Bd7e5,Be5c4,Bc4e3][%mdl 32]} 10. Nc3 Qxb6 11. Qc2 Bg7 12. Bc4 (12. b3 $11) 12... Qb4 13. Qb3 {[#]} (13. Bb3 $1 $15) 13... Rb8 (13... Nb6 $1 $19 {[%cal Rb6c4]} 14. Bd3 {[#]} Nbxd5 $1 {[%mdl 512]}) 14. Bd2 Ne5 $36 {[%mdl 2048] Keeping White busy.} 15. Qa4+ $2 {[%mdl 8192]} (15. Be2 $17) 15... Qxa4 $19 {Black is clearly winning.} 16. Nxa4 Nxc4 17. Bc3 Bd7 18. b3 Ne3 19. Kf2 Bxa4 20. Kxe3 {[#]} Nxd5+ $1 21. exd5 Bxc3 22. Rc1 Bd4+ 23. Ke4 Bd7 24. Ne2 Bb2 25. Rcd1 O-O 26. g4 f5+ 27. gxf5 Rxf5 {Threatens to win with ...Re5+.} 28. f4 e6 29. dxe6 Bc6+ 30. Ke3 Bxh1 31. Ng3 Bd4+ 32. Kd3 Bf3 33. Nxf5 gxf5 34. Rf1 Be4+ {Precision: White = 21%, Black = 69%.} 0-1

[Event "Guimaraes Open 2018"]
[Site "Guimaraes"]
[Date "2018.10.05"]
[Round "1"]
[White "Pinto, Andre Jorge Pimpare"]
[Black "Santos, Jose Guilherme Barr"]
[Result "0-1"]
[WhiteElo "1309"]
[BlackElo "2108"]
[Annotator "TA"]
[PlyCount "80"]
[EventDate "2018.10.04"]
[EventType "swiss"]
[EventCountry "POR"]
[SourceTitle "playchess.com"]
[Source "ChessBase"]
[SourceQuality "1"]

{[%evp 9,80,0,10,-12,46,-22,-21,-31,-31,-40,-21,-29,-28,-39,-31,-19,0,-11,0,-13,0,-8,0,-31,-30,-39,-40,-62,-61,-77,-69,-83,-76,-102,-102,-116,-89,-98,-92,-118,-114,-185,-99,-158,-115,-189,-204,-204,-208,-195,-168,-197,-196,-233,-230,-231,-231,-231,-240,-244,-241,-239,-225,-438,-423,-383,-328,-326,-219,-221,-229,-363,-357]} 1. e4 c5 2. Nc3 d6 3. Bb5+ Bd7 4. Qe2 (4. Bxd7+ Qxd7 5. f4 Nc6 6. Nf3 g6 7. O-O Bg7 8. d3 Nf6 9. Bd2 O-O 10. Qe1 b5 11. Ne2 a5 12. f5 Nb4 13. Qd1 c4 14. Nf4 cxd3 15. cxd3 gxf5 16. exf5 Qxf5 {0-1 (41) Kislinsky,A (2481)-Navara,D (2732) Ostrava 2017}) 4... Nc6 5. Nf3 e6 6. d3 {B23: Closed Sicilian: Lines without g3} g6 $146 (6... Nge7 $11) ({Predecessor:} 6... Nd4 7. Bxd7+ Qxd7 8. Nxd4 cxd4 9. Nd1 Nf6 10. O-O Be7 11. f4 e5 12. f5 d5 {0-1 (30) Olmo Canas,A-Haro Castillo,F (1963) Palma de Mallorca 2002}) 7. Bc4 ({Better is} 7. Bxc6 $14 Bxc6 8. d4) 7... a6 $11 8. Bg5 {The position is equal.} Qc7 9. O-O b5 (9... h6 {feels hotter.} 10. Bd2 Bg7 11. a3 Nge7 12. Qd1 b5) 10. Bb3 Bg7 11. a3 Nge7 12. Rfe1 O-O 13. Qd2 Rfe8 14. Bh6 Bh8 15. Ng5 Nd4 16. Ne2 {[#] Nxd4 is the strong threat.} (16. Ba2 {looks sharper.} Nec6 17. Nd1 f6 18. Nh3 Ne5 19. Kh1) 16... Nxb3 17. cxb3 Nc6 18. Nf3 Qa5 19. Qc2 Rec8 20. Bd2 Qd8 21. Rab1 e5 22. Rec1 Bf6 23. Qd1 Be6 24. Nc3 Rab8 25. Na2 (25. Be3 $17) 25... Be7 (25... b4 $19 {And now ...Na5 would win.} 26. axb4 a5) 26. Ra1 (26. Nc3 $142) 26... a5 {[%cal Ba6a5,Ba5b4][%mdl 32]} 27. Rcb1 (27. Nc3 $17) 27... b4 $19 28. axb4 axb4 29. Nc1 Ra8 30. Qc2 Bg4 31. h3 Bxf3 32. gxf3 Nd4 33. Qd1 Bg5 34. Be3 Ne6 ({Much less strong is} 34... Bxe3 35. fxe3 Ne6 36. Qd2) 35. Ne2 d5 36. Qc1 $2 (36. Qc2) 36... Rxa1 37. Rxa1 dxe4 38. dxe4 Qd3 39. Bxg5 {[#] Black must now prevent Qe3.} Qxe2 40. Be3 (40. Kg2 {is the only way for White.}) 40... Qxf3 {Precision: White = 28%, Black = 58%.} 0-1

[Event "Guimaraes Open 2018"]
[Site "Guimaraes"]
[Date "2018.10.05"]
[Round "1"]
[White "Dong, Fabio"]
[Black "Fernandes, Joao Pedro Murtinho"]
[Result "0-1"]
[WhiteElo "1289"]
[BlackElo "2052"]
[Annotator "NA RC"]
[PlyCount "50"]
[EventDate "2018.10.04"]
[EventType "swiss"]
[EventCountry "POR"]
[SourceTitle "playchess.com"]
[Source "ChessBase"]
[SourceQuality "1"]
[TimeControl "5400+30"]

1. c4 {[%emt 0:00:00]} e5 {[%emt 0:00:00]} 2. Nc3 {[%emt 0:00:00]} Nc6 {[%emt 0:00:00]} 3. g3 {[%emt 0:00:00]} Bc5 {[%emt 0:00:04]} 4. Bg2 {[%emt 0:00:00]} a6 {[%emt 0:00:19]} 5. e3 {[%emt 0:00:15]} d6 {[%emt 0:00:19]} 6. Nge2 {[%emt 0:00:07]} Ba7 {[%emt 0:00:06]} 7. O-O {[%emt 0:00:14]} h5 {[%emt 0:00:54]} 8. a3 {[%emt 0:04:10]} h4 {[%emt 0:01:42]} 9. d4 {[%emt 0:12:15]} hxg3 {[%emt 0:03:24]} 10. hxg3 {[%emt 0:12:18]} Qg5 {[%emt 0:06:43]} 11. Re1 {[%emt 0:03:57]} Qh5 {[%emt 0:03:00]} 12. dxe5 {[%emt 0:02:38]} Qh2+ {[%emt 0:10:50]} 13. Kf1 {[%emt 0:00:16]} Bh3 {[%emt 0:04:11]} 14. Nf4 {[%emt 0:06:09]} Bxg2+ {[%emt 0:00:17]} 15. Nxg2 {[%emt 0:00:16]} Nxe5 {[%emt 0:03:34]} 16. Qd5 {[%emt 0:13:33]} O-O-O {[%emt 0:01:21]} 17. b3 {[%emt 0:08:05]} Nf6 {[%emt 0:01:07]} 18. Qd2 {[%emt 0:01:53]} Qh1+ {[%emt 0:01:18]} 19. Ke2 {[%emt 0:00:10]} Qxg2 {[%emt 0:00:09]} 20. Qc2 {[%emt 0:02:25]} Qf3+ {[%emt 0:00:41]} 21. Kd2 {[%emt 0:01:14]} Qxf2+ {[%emt 0:01:07]} 22. Kd1 {[%emt 0:00:24]} Qxc2+ {[%emt 0:01:39]} 23. Kxc2 {[%emt 0:00:20]} Rh2+ {[%emt 0:00:07]} 24. Kb1 {[%emt 0:00:09]} Rdh8 {[%emt 0:00:33]} 25. Bb2 {[%emt 0:01:52]} Nd3 {[%emt 0:00:12]} 0-1

[Event "Guimaraes Open 2018"]
[Site "Guimaraes"]
[Date "2018.10.05"]
[Round "1"]
[White "Fernandes, Tiago Joao Carneiro"]
[Black "Pintor, Simao Maciel Abranc"]
[Result "0-1"]
[WhiteElo "1232"]
[BlackElo "2047"]
[Annotator "NA RC"]
[PlyCount "50"]
[EventDate "2018.10.04"]
[EventType "swiss"]
[EventCountry "POR"]
[SourceTitle "playchess.com"]
[Source "ChessBase"]
[SourceQuality "1"]
[TimeControl "5400+30"]

1. e4 {[%emt 0:00:00]} c5 {[%emt 0:19:24]} 2. Nf3 {[%emt 0:00:35]} d6 {[%emt 0:00:06]} 3. d4 {[%emt 0:00:19]} cxd4 {[%emt 0:00:05]} 4. Nxd4 {[%emt 0:00:08]} Nf6 {[%emt 0:00:06]} 5. Nc3 {[%emt 0:00:21]} a6 {[%emt 0:00:06]} 6. Be2 {[%emt 0:01:10]} e5 {[%emt 0:00:06]} 7. Nb3 {[%emt 0:00:35]} Be7 {[%emt 0:00:22]} 8. f4 {[%emt 0:00:54]} Qb6 {[%emt 0:00:41]} 9. Bf3 {[%emt 0:02:00]} Nc6 {[%emt 0:00:37]} 10. g4 {[%emt 0:08:56]} exf4 {[%emt 0:01:10]} 11. Bxf4 {[%emt 0:00:13]} Ne5 {[%emt 0:00:13]} 12. g5 {[%emt 0:01:38]} Nfg4 {[%emt 0:00:48]} 13. Qe2 {[%emt 0:06:58]} Be6 {[%emt 0:00:06]} 14. Nd5 {[%emt 0:01:12]} Bxd5 {[%emt 0:00:25]} 15. exd5 {[%emt 0:00:46]} Nxf3+ {[%emt 0:01:42]} 16. Qxf3 {[%emt 0:00:45]} Ne5 {[%emt 0:00:04]} 17. Qg3 {[%emt 0:03:25]} Qb4+ 18. Kf2 {[%emt 0:05:11]} Rc8 {[%emt 0:01:29]} 19. Bxe5 {[%emt 0:05:48]} Rxc2+ {[%emt 0:00:14]} 20. Kg1 {[%emt 0:02:36]} dxe5 {[%emt 0:00:14]} 21. Qxe5 {[%emt 0:00:49]} O-O {[%emt 0:01:58]} 22. Nd4 {[%emt 0:01:03]} Qxb2 {[%emt 0:00:41]} 23. Qe1 {[%emt 0:05:20]} Qxd4+ {[%emt 0:00:16]} 24. Kf1 {[%emt 0:00:22]} Qf4+ {[%emt 0:00:15]} 25. Kg1 {[%emt 0:00:29]} Bc5+ {[%emt 0:00:04]} 0-1

[Event "Guimaraes Open 2018"]
[Site "Guimaraes"]
[Date "2018.10.05"]
[Round "2"]
[White "Solodovnichenko, Yuri"]
[Black "Silva, Goncalo Nuno Neto P"]
[Result "1-0"]
[WhiteElo "2554"]
[BlackElo "1996"]
[Annotator "TA"]
[PlyCount "77"]
[EventDate "2018.10.04"]
[EventType "swiss"]
[EventCountry "POR"]
[SourceTitle "playchess.com"]
[Source "ChessBase"]
[SourceQuality "1"]

{[%evp 20,77,77,81,147,147,191,204,186,191,205,206,277,291,276,227,235,222,231,225,224,211,209,167,317,316,319,275,380,385,333,296,364,358,539,537,531,491,1041,1026,935,912,843,809,1329,1330,1505,1659,1460,1240,1214,1160,2204,2131,2282,2156,1552,1850,29989,970]} 1. e4 c5 2. Nf3 Nc6 3. Bb5 g6 4. O-O Bg7 5. Re1 Nf6 {[%cal Bg8f6,Bf6d5,Bd5c7][%mdl 32]} 6. e5 Nd5 7. Nc3 {[%cal Bb1c3,Bc3e4,Be4c5,Bc5b7][%mdl 32]} Nc7 8. Bxc6 dxc6 9. Ne4 Bg4 {B31: Sicilian: 2...Nc6 3 Bb5 g6} (9... b6 10. Nf6+ Kf8 11. Ne4 Bg4 12. d3 Bxe5 13. Nxe5 Bxd1 14. Bh6+ Kg8 15. Nxc6 Bxc2 16. Nxc5 bxc5 17. Nxd8 Rxd8 18. Rxe7 Ne6 19. Re1 Ba4 20. Rxa7 {1-0 (58) Mamedov,R (2678)-Dubov,D (2677) Heraklio 2017}) 10. Nxc5 Qd5 11. d4 {LiveBook: 4 Games} Rd8 $146 (11... O-O $142) ({Predecessor:} 11... O-O 12. c3 f6 13. exf6 Bxf6 14. Qb3 b6 15. Ne4 Bxf3 16. gxf3 Bg7 17. Ng5 {0-1 (27) Garcia Castany Musellas,G (2111)-Komljenovic,D (2413) Lorca 2015}) 12. Nxb7 $16 Rb8 13. Nc5 O-O 14. b3 Rbd8 15. Bb2 {Hoping for c4.} f6 16. c4 Qf7 {If Black can now play ...fxe5 this consolidates a bit.} 17. h3 Bxf3 18. Qxf3 fxe5 19. Qxf7+ ({But not} 19. dxe5 $6 Qxf3 20. gxf3 Rf5 $16) 19... Rxf7 20. dxe5 {aiming for Bc3.} Rd2 21. Bc3 Rc2 (21... Rdxf2 $142 22. Nd3 Rc2) 22. Bd4 $18 Rf4 23. Red1 Kf7 {and the idea ...Rxd4 leaves Black hopeful.} 24. Be3 Rf5 25. f4 g5 26. g4 {[%cal Bg2g4,Bg4f5,Bf5f6][%mdl 32]} (26. fxg5 Rxe5 27. Rf1+ Ke8 $11) 26... gxf4 (26... Rxf4 {was called for.} 27. Bxf4 gxf4) 27. gxf5 fxe3 {[#]} 28. f6 $1 e2 (28... Bf8 $142 29. Rd7 Ne6) (28... exf6 29. Rd7+) 29. Rd7 Bh6 30. Rxe7+ ({Worse is} 30. Rxc7 Be3+ 31. Kh1 Bxc5 $15) 30... Kg6 31. Kf2 Bd2 32. Rg1+ Kh6 33. Kxe2 {[#] Threatens to win with Kd3.} Bb4+ 34. Kd3 Rd2+ 35. Ke3 Rh2 36. Ne4 Rxh3+ 37. Kf4 Rh4+ 38. Rg4 Bxe7 39. Rxh4+ {Precision: White = 74%, Black = 30%.} 1-0

[Event "Guimaraes Open 2018"]
[Site "Guimaraes"]
[Date "2018.10.05"]
[Round "2"]
[White "Huerga Leache, Mikel"]
[Black "Machado, Tomas Dias"]
[Result "1-0"]
[WhiteElo "2438"]
[BlackElo "1966"]
[Annotator "TA"]
[PlyCount "45"]
[EventDate "2018.10.04"]
[EventType "swiss"]
[EventCountry "POR"]
[SourceTitle "playchess.com"]
[Source "ChessBase"]
[SourceQuality "1"]

{[%evp 9,45,0,0,0,0,4,4,1,0,-14,-16,-21,0,0,-3,-20,81,65,115,0,0,0,14,0,56,54,47,58,78,89,91,89,130,148,155,134,375,367]} 1. d4 d5 2. Nf3 Nf6 3. Bf4 Bf5 4. c4 c6 5. cxd5 Nxd5 6. Bd2 {D02: 1 d4 d5 2 Nf3 sidelines, including 2...Nf6 3 g3 and 2...Nf6 3 Bf4} e6 7. Nc3 Bd6 $146 ({Predecessor:} 7... Nd7 8. Qb3 Nxc3 9. Bxc3 Qc7 10. Nd2 Be7 11. e4 Bg6 12. g3 O-O {½-½ (27) Murshed,N (2455)-Prasad,D (2405) Kolkata 1988}) 8. Qb3 {The position is equal.} Qe7 9. e3 O-O 10. Be2 a5 {[%cal Ba7a5,Ba5a4][%mdl 32]} 11. O-O Rc8 12. Rfe1 Bb4 (12... Nxc3 $11 {remains equal.} 13. Bxc3 b5) 13. Bf1 $16 {[#] Hoping for e4.} Bxc3 14. Bxc3 ({White must play} 14. bxc3 $16 {aiming for e4.} Nf6 15. c4) 14... a4 $11 15. Qd1 Nxc3 16. bxc3 c5 (16... Nd7 $11) 17. e4 $14 Bg4 18. d5 $36 {[%mdl 2048] White is pushing.} Rd8 19. h3 Bxf3 20. Qxf3 Rd6 21. Rab1 Na6 22. Bc4 {[#] And now e5 would win.} Re8 $2 (22... Nc7 $16 23. e5 (23. Rxb7 exd5 24. Bb5 Re6 $16) 23... Rxd5) 23. e5 {Precision: White = 76%, Black = 21%.} 1-0

[Event "Guimaraes Open 2018"]
[Site "Guimaraes"]
[Date "2018.10.05"]
[Round "2"]
[White "Khamrakulov, Ibragim S."]
[Black "Cimpean, Andra"]
[Result "1-0"]
[WhiteElo "2432"]
[BlackElo "1867"]
[Annotator "TA"]
[PlyCount "77"]
[EventDate "2018.10.04"]
[EventType "swiss"]
[EventCountry "POR"]
[SourceTitle "playchess.com"]
[Source "ChessBase"]
[SourceQuality "1"]

{[%evp 17,77,16,17,0,16,13,22,7,49,37,35,22,43,43,29,56,70,65,85,88,192,185,215,149,169,139,121,63,56,66,52,50,56,58,141,134,144,137,141,151,153,146,162,156,284,224,235,269,284,284,264,270,283,284,284,287,399,399,394,378,443,403]} 1. e4 d5 2. exd5 Qxd5 3. Nc3 Qd6 4. d4 c6 5. Bc4 Nf6 6. Nf3 {B01: Scandinavian Defence} (6. h3 Bf5 7. g4 Be6 8. Bb3 Bd5 9. Nxd5 cxd5 10. Nf3 Nc6 11. Qe2 e6 12. c3 Nd7 13. Be3 {0-1 (45) Edouard,R (2680)-Bauer,C (2658) Nimes 2014}) 6... Bg4 7. Be3 Nbd7 8. h3 Bh5 9. g4 Bg6 {LiveBook: 5 Games} 10. Bb3 e6 11. Nh4 Qc7 12. a3 $146 ({Predecessor:} 12. Nxg6 hxg6 13. Qf3 {0-1 (61) Firat,B (2428)-Duman,A (2249) Skopje 2013}) 12... Bd6 13. Qf3 Nb6 14. Bd2 Nbd5 15. Nxg6 hxg6 16. Ne2 {Strongly threatening c4.} Ne7 17. O-O-O Rf8 18. c4 {c5 is the strong threat.} Neg8 (18... b6 $16) 19. Kb1 $18 O-O-O 20. Nc3 Qb6 21. Na4 Qxd4 {[#]} 22. Ba5 (22. Rhe1 $1 $16 Nh7 23. h4) 22... Qe4+ $14 23. Qxe4 Nxe4 24. Bxd8 Rxd8 25. Rhf1 $36 {[%mdl 2048] Black is under pressure.} b5 (25... Be7 $14) 26. cxb5 $16 cxb5 {[#]} 27. Bc2 $1 Ngf6 28. Bxe4 $1 Nxe4 29. Rd4 f5 30. Rc1+ Kb7 (30... Kd7 $16) 31. Nc3 Nxc3+ 32. Rxc3 $18 {[%mdl 4096] Endgame KRR-KRB} ({Resist} 32. bxc3 $6 Kc7 $16) 32... e5 33. Rd5 a6 34. f3 Bc7 35. Rxd8 Bxd8 36. Kc2 Bf6 37. Rc5 Kb6 38. Rc8 Kb7 39. Rg8 {Precision: White = 74%, Black = 32%.} 1-0

[Event "Guimaraes Open 2018"]
[Site "Guimaraes"]
[Date "2018.10.05"]
[Round "2"]
[White "Suarez Uriel, Adrian"]
[Black "Silva, Pedro Gil Ferreira "]
[Result "1-0"]
[WhiteElo "2385"]
[BlackElo "1837"]
[Annotator "TA"]
[PlyCount "79"]
[EventDate "2018.10.04"]
[EventType "swiss"]
[EventCountry "POR"]
[SourceTitle "playchess.com"]
[Source "ChessBase"]
[SourceQuality "1"]

{[%evp 15,79,54,59,70,52,56,86,73,84,107,122,70,176,175,212,222,312,212,300,133,123,94,107,81,200,149,181,131,215,150,180,123,99,124,193,181,216,201,202,208,272,293,312,232,233,189,590,550,622,602,1210,1207,1211,1171,5573,794,2243,2093,2189,2009,29991,29992,29995,29994,29994,29994]} 1. e4 c6 2. d4 d5 3. e5 c5 4. dxc5 Nc6 5. f4 (5. a3 Nxe5 6. b4 Nf6 7. Bb2 Nc6 8. Nf3 g6 9. Nc3 d4 10. Nb5 e5 11. Qe2 Bg4 12. O-O-O Bh6+ {1-0 (48) Nepomniachtchi,I (2751)-Navara,D (2737) Saint Louis 2017}) 5... e6 6. Be3 {B12: Caro-Kann: Advance Variation} d4 7. Bf2 Bxc5 8. Nd2 Nge7 {LiveBook: 11 Games} 9. Qf3 Qa5 $146 ({Predecessor:} 9... b6 10. Bd3 Bb7 11. a3 a5 12. Ne2 Qc7 {1-0 (34) Kadric,D (2502)-Ostrovskiy,A (2391) Charlotte 2018}) 10. a3 Nd5 11. Rb1 Bd7 12. Bd3 (12. b4 Bxb4 13. axb4 Ncxb4 $11) 12... Qc7 13. Ne4 (13. b4 $16 Bb6 14. Nc4) 13... b6 (13... Be7 $14) 14. Ne2 $18 a5 15. O-O Bc8 (15... O-O $142 16. Qg3 (16. Nxc5 bxc5 17. Be4 a4 $16) 16... Kh8) 16. Qg3 Kf8 (16... f5 {keeps fighting.}) 17. c4 (17. c3 $18) 17... Nde7 $16 18. Qh3 a4 19. N2g3 Ng8 (19... h5 $16 {is a better defense.}) 20. Nh5 Be7 21. Rbe1 Qd8 (21... g6 $16) 22. Re2 Ra7 23. Be1 (23. Rd1 $18) 23... g6 24. Nhf6 Nxf6 (24... h5 $16) 25. Qh6+ ({Don't do} 25. Nxf6 $6 Bxf6 26. exf6 Qxf6 $16) 25... Kg8 {Threatens to win with ...Ng4.} 26. Nxf6+ ({Not} 26. exf6 Bf8 $14) 26... Bxf6 27. exf6 Qxf6 {[#]} 28. f5 $1 {[%cal Rf5e6][%mdl 512]} Qg7 (28... exf5 29. Re8#) 29. Qf4 $40 {[%mdl 128] White goes for the king.} e5 30. Qe4 Bxf5 $2 (30... Bd7 {is more resistant.}) 31. Rxf5 $18 gxf5 32. Qxc6 e4 33. Qc8+ Qf8 34. Qxf5 e3 35. Qg5+ (35. Bb4 $142 Ra8 36. Bxf8 Kxf8 37. Qe5) 35... Qg7 36. Qd8+ Qf8 37. Qxd4 Ra8 38. Rxe3 {White mates.} f6 39. Rg3+ Kf7 40. Qd5+ {Precision: White = 49%, Black = 34%.} 1-0

[Event "Guimaraes Open 2018"]
[Site "Guimaraes"]
[Date "2018.10.05"]
[Round "2"]
[White "Martin Duque, Jesus"]
[Black "Lopez Rodriguez, Eduardo"]
[Result "1-0"]
[WhiteElo "2383"]
[BlackElo "1800"]
[Annotator "TA"]
[PlyCount "61"]
[EventDate "2018.10.04"]
[EventType "swiss"]
[EventCountry "POR"]
[SourceTitle "playchess.com"]
[Source "ChessBase"]
[SourceQuality "1"]

{[%evp 9,61,71,72,64,116,111,116,116,158,146,200,203,211,200,255,256,239,174,260,272,312,304,364,260,270,254,382,290,578,577,570,577,546,566,576,498,544,455,447,429,432,416,569,531,769,696,1300,1228,1153,932,4882,2068,2396,1589]} 1. e4 d6 2. d4 Nf6 3. Nc3 Nbd7 4. g4 {[%cal Bg2g4,Bg4g5][%mdl 32]} e5 (4... h6 5. h3 e5 6. Nge2 g6 7. Bg2 Bg7 8. Be3 c6 9. Qd2 Qe7 10. O-O h5 11. g5 Nh7 12. a4 {1-0 (48) Bosiocic,M (2624)-Bortnyk,O (2610) Riadh 2017}) 5. g5 Ng8 6. Nf3 {B07: Pirc Defence: Miscellaneous Systems} Ne7 (6... c6 $14) 7. h4 $146 {[%cal Bh2h4,Bh4h5,Bh5h6][%mdl 32]} ({Predecessor:} 7. Be3 exd4 8. Nxd4 Ne5 9. Be2 d5 10. f4 N5g6 11. exd5 Nxd5 12. Bb5+ {1-0 (27) Radlovacki,J (2380)-Djosic,S (2258) Paracin 2009}) 7... exd4 8. Nxd4 {White is better.} ({Don't take} 8. Qxd4 Nc6 $14) 8... Nc5 9. Bg2 g6 (9... h5 $16) 10. h5 $18 Bg7 11. h6 Bxd4 12. Qxd4 Rg8 13. f4 Nc6 (13... Bg4 {was worth a try.} 14. Be3 Qd7) 14. Qf2 Be6 15. Be3 Qe7 16. O-O-O O-O-O {[#]} 17. e5 $1 {[%mdl 512]} Bg4 (17... Na6 $142 18. exd6 (18. Bxa7 dxe5 19. Be3 Rge8 $16) 18... Rxd6 19. Rxd6 Qxd6) (17... dxe5 18. Bxc5) 18. Rd2 Nd7 $2 (18... Rge8 19. Nd5 Qe6) 19. exd6 cxd6 20. Nd5 Qe6 21. Bxa7 Rge8 22. b3 f6 23. Bb6 fxg5 24. Bxd8 Kxd8 25. fxg5 Rf8 26. Qg3 {White is clearly winning.} Nde5 27. Nf6 Qe7 28. Bxc6 bxc6 29. Nxg4 Nxg4 30. Qxg4 (30. Rxd6+ $142 Kc8 31. Qxg4+ Kc7 {[#]} 32. Rhd1 $1 {[%mdl 512]} Qxd6 33. Rxd6 Kxd6 34. Qb4+ c5 35. Qb6+ Ke7 36. Qxc5+ Ke8 37. Qc8+ Ke7 38. Qc7+ Ke8 39. Qxh7 Rf1+ 40. Kd2 Rf2+ 41. Ke3) 30... Qe5 31. Qd4 {Precision: White = 86%, Black = 12%.} 1-0

[Event "Guimaraes Open 2018"]
[Site "Guimaraes"]
[Date "2018.10.05"]
[Round "2"]
[White "Pazos Porta, Antonio"]
[Black "Machado, Carlos Antonio"]
[Result "1-0"]
[WhiteElo "2333"]
[BlackElo "1780"]
[Annotator "TA"]
[PlyCount "27"]
[EventDate "2018.10.04"]
[EventType "swiss"]
[EventCountry "POR"]
[SourceTitle "playchess.com"]
[Source "ChessBase"]
[SourceQuality "1"]

{[%evp 15,27,110,119,114,110,120,545,534,884,897,887,889,29993,89]} 1. e4 e5 {[%cal Be7e5,Be5d4][%mdl 32]} 2. Nf3 Nc6 3. Bb5 Nge7 4. Nc3 g6 5. d4 exd4 6. Nd5 {C60: Ruy Lopez: Unusual Black 3rd moves and 3...g6} Nxd5 (6... Bg7 7. Bg5 h6 8. Bf6 Bxf6 9. Nxf6+ Kf8 10. Qd2 a6 11. Bc4 Nf5 12. Nd5 Nd6 13. Bd3 Kg7 14. O-O-O Re8 {1-0 (47) Navara,D (2726)-Movsesian,S (2653) Prague 2016}) 7. exd5 Qe7+ 8. Kf1 Ne5 {LiveBook: 9 Games} 9. Bf4 f6 10. Qxd4 {[%cal Rf3e5]} ({Much weaker is} 10. Nxd4 $6 Qb4 $11) 10... Nxf3 $4 {[%mdl 8192]} (10... Bg7 $16) 11. gxf3 $18 Kf7 {[#]} 12. d6 $1 {[%cal Rd6e7][%mdl 512]} cxd6 13. Re1 Qd8 14. Qd5+ $146 ({Predecessor:} 14. Bc4+ Kg7 15. Qd5 {1-0 (15) Zarkovic,M (2242)-Bokan,J (1901) Novi Sad 2017}) 1-0